अनहदः राजेश रेड्डी की चुनिंदा ग़ज़लें / (Record no. 44383)

MARC details
000 -LEADER
fixed length control field 01161nam a22002537a 4500
005 - DATE AND TIME OF LATEST TRANSACTION
control field 20100906104624.0
008 - FIXED-LENGTH DATA ELEMENTS--GENERAL INFORMATION
fixed length control field 100906t xxu||||| |||| 00| 0 hin d
010 ## - LCCN (DPL NO)
LC control number HIN-90379
020 ## - INTERNATIONAL STANDARD BOOK NUMBER
International Standard Book Number 9788128825835
Terms of availability 95.00
035 ## - SYSTEM CONTROL NUMBER
System control number HN-62725
037 ## - SOURCE OF ACQUISITION
Source of stock number/acquisition DBAD/PUN
040 ## - CATALOGING SOURCE
Original cataloging agency DPL
Language of cataloging HN
082 ## - DEWEY DECIMAL CLASSIFICATION NUMBER
Classification number 821
100 ## - MAIN ENTRY--PERSONAL NAME
Personal name रेड्डी, राजेश
9 (RLIN) 18464
245 ## - TITLE STATEMENT
Title अनहदः राजेश रेड्डी की चुनिंदा ग़ज़लें /
Statement of responsibility, etc राजेश रेड्डी
246 ## - VARYING FORM OF TITLE
Title proper/short title Anahad
Remainder of title by Rajesh Reddy
260 ## - PUBLICATION, DISTRIBUTION, ETC. (IMPRINT)
Place of publication, distribution, etc नई दिल्ली
Name of publisher, distributor, etc डायमंड पॉकेट बुक्स
Date of publication, distribution, etc 2010
270 ## - ADDRESS
Address x-30, ओखाल इंडस्ट्रियल एरिया, फेज-11
City नई दिल्ली
Postal code 110020
Telephone number 011 41611861
300 ## - PHYSICAL DESCRIPTION
Extent 117पृ.
Dimensions 22सेमी (अजिल्द)
650 ## - SUBJECT ADDED ENTRY--TOPICAL TERM
Topical term or geographic name as entry element हिन्दी कविताएँ
9 (RLIN) 1169
650 ## - SUBJECT ADDED ENTRY--TOPICAL TERM
9 (RLIN) 18465
942 ## - ADDED ENTRY ELEMENTS (KOHA)
Source of classification or shelving scheme Dewey Decimal Classification
Item type Hindi Books
Classification part 821
Call number suffix रेड्डी
Holdings
Withdrawn status Lost status Source of classification or shelving scheme Damaged status Not for loan Collection code Home library Current library Date acquired Source of acquisition Cost, normal purchase price Total Checkouts Full call number Barcode Date last seen Copy number Cost, replacement price Koha item type
    Dewey Decimal Classification   Not For Loan Non-fiction D.B.Act.Division D.B.Act.Division 08/09/2010 DBAD / PUB 95.00   821 रेड्डी HN-62725 08/09/2010 1 95.00 Hindi Books

© Delhi Public Library
Hit Counter
free hit counter